Mooney on practice and procedures (Record no. 93005)

MARC details
000 -LEADER
fixed length control field 00667cam a2200229 4500
001 - CONTROL NUMBER
control field B2793
008 - FIXED-LENGTH DATA ELEMENTS--GENERAL INFORMATION
fixed length control field 090401t1990 xxu||||| |||| 00| 0 eng d
035 ## - SYSTEM CONTROL NUMBER
System control number (Sirsi) u52215
041 ## - LANGUAGE CODE
Language code of text/sound track or separate title eng
050 ## - LIBRARY OF CONGRESS CALL NUMBER
Classification number 336.21026
090 ## - LOCALLY ASSIGNED LC-TYPE CALL NUMBER (OCLC); LOCAL CALL NUMBER (RLIN)
Classification number (OCLC) (R) ; Classification number, CALL (RLIN) (NR) RICS 1990/27AB
110 ## - MAIN ENTRY--CORPORATE NAME
Corporate name or jurisdiction name as entry element Royal Institution of Chartered Surveyors
9 (RLIN) 4900
245 ## - TITLE STATEMENT
Title Mooney on practice and procedures
260 ## - PUBLICATION, DISTRIBUTION, ETC.
Place of publication, distribution, etc. London
Name of publisher, distributor, etc. Royal Institution of Chartered Surveyors
Date of publication, distribution, etc. 1990
300 ## - PHYSICAL DESCRIPTION
Extent vi,33p. ; 30cm.
350 ## - PRICE (NR) (BK AM CF MU VM SE) [OBSOLETE]
Price 0
520 ## - SUMMARY, ETC.
Summary, etc. Rating Diploma Section Polytechnic, School of Built Environment.
650 ## - SUBJECT ADDED ENTRY--TOPICAL TERM
Topical term or geographic name entry element RATES AND RATING
700 ## - ADDED ENTRY--PERSONAL NAME
Personal name Brown, Peter K.
International Standard Serial Number Editor
942 ## - ADDED ENTRY ELEMENTS (KOHA)
Suppress in OPAC 0
948 ## - LOCAL PROCESSING INFORMATION (OCLC); SERIES PART DESIGNATOR (RLIN)
c (OCLC) 04/03/1997
Holdings
Withdrawn status Lost status Source of classification or shelving scheme Damaged status Not for loan Home library Current library Shelving location Date acquired Total Checkouts Full call number Barcode Date last seen Copy number Price effective from Koha item type
    Dewey Decimal Classification     London London RICS Boxes 14/09/1999   RICS 1990/27 30023047 06/08/2019 1 06/08/2019 Archive
    Dewey Decimal Classification     London London RICS Boxes 19/08/1991   RICS 1990/27 30031526 06/08/2019 2 06/08/2019 Book
    Dewey Decimal Classification     London London RICS Boxes 19/08/1991   RICS 1990/27 30031530 06/08/2019 3 06/08/2019 Book
    Dewey Decimal Classification     London London RICS Boxes 20/08/1991   RICS 1990/27 30031615 06/08/2019 4 06/08/2019 Book